Normal view
MARC view
Entry Topical Term
001 - CONTROL NUMBER
- control field: 214675
003 - CONTROL NUMBER IDENTIFIER
- control field: OSt
005 - DATE AND TIME OF LATEST TRANSACTION
- control field: 20250612155353.0
008 - FIXED-LENGTH DATA ELEMENTS
- fixed length control field: 250612|| aca||aabn | a|a d
040 ## - CATALOGING SOURCE
- Original cataloging agency: OSt
- Transcribing agency: OSt
150 ## - HEADING--TOPICAL TERM
- Topical term or geographic name entry element: Moral Distinctions in Advertising Public Relations and Journalism
670 ## - SOURCE DATA FOUND
- Source citation: Work cat.: (OSt)226437: Tom Bivins 214674, Mixed Media, 2018